000 00386cam a22001097a 4500
008 180718bn.d. xxu||||| |||| 00| 0 eng d
082 _aB811x71 C16c/45/PIN
100 _aCanada. Cabinet Committee on Dominion Provincial Relations
245 _aPublic investment: reference book for Dominion-Provinicial conference on Reconstruction
260 _aOttawa
_bThe author
_cn.d.
300 _a44p.
999 _c488896
_d488896